000 01320cam a22003374a 4500
999 _c41510
_d41510
001 15726083
003 OSt
005 20220919105304.0
008 090506s2011 nyuab d 001 0 eng
010 _a 2009928004
020 _a9781435453975
020 _a1435453972
040 _aDLC
_cDLC
_dDLC
050 0 0 _aSK355
_b.D43 2011
082 _a333.954
_bDEA/W
100 1 _aDeal, Kevin H.
_99086
245 1 0 _aWildlife and natural resource management /
_cKevin H. Deal.
250 _a3rd ed.
260 _aClifton Park, NY :
_bDelmar Cengage Learning,
_cc2011.
300 _axv, 432 p. :
_bcol. ill., col. map ;
_c25 cm.
500 _aIncludes index.
650 0 _aWildlife management.
650 1 _aWildlife management.
856 4 2 _3Contributor biographical information
_uhttp://www.loc.gov/catdir/enhancements/fy1105/2009928004-b.html
856 4 2 _3Publisher description
_uhttp://www.loc.gov/catdir/enhancements/fy1105/2009928004-d.html
856 4 1 _3Table of contents only
_uhttp://www.loc.gov/catdir/enhancements/fy1105/2009928004-t.html
906 _a7
_bcbc
_corigcop
_d3
_eocip
_f20
_gy-gencatlg
942 _2ddc
_cBK
_h333.954
_iDEA/W
_k333.954
_mDEA/W